000 00775nam a2200229Ia 4500
001 dia_4091
003 CHAP
005 20251014154056.0
008 220601s9999 xx 000 0 und d
040 _amxchpua
_erda
090 _aFOLLETO 2417
100 _aCentro panamericano de ecología humana y salud
_9155658
245 _aInformación técnica sobre el agente de control biológico, Lambornilla Clarki Conliss y Clark 1976 y Lambornella stegomyiae Trad. (Eco)
260 _aMéxico
300 _a9 p.
500 _aS/c (Serie ecología, 7)
650 _a1. Control de plagas2. Control biológico de plagasÌ
_9175994
901 _aFOLLETO 2417
902 _aM
905 _a0000001984 mx 0000000000spa00
942 _cFOLL
_2local
999 _c209459
_d209459